Asean-India: (Record no. 185649)

MARC details
000 -LEADER
fixed length control field 00582nam a22001697a 4500
005 - DATE AND TIME OF LATEST TRANSACTION
control field 20220207152132.0
010 ## - LCCN (DPL NO)
LC control number ENG-131440
020 ## - INTERNATIONAL STANDARD BOOK NUMBER
International Standard Book Number 9789391490478
Terms of availability 1080.00
035 ## - SYSTEM CONTROL NUMBER
System control number EN-114972
037 ## - SOURCE OF ACQUISITION
Source of stock number/acquisition DBAD
082 ## - DEWEY DECIMAL CLASSIFICATION NUMBER
Classification number 327.54
245 ## - TITLE STATEMENT
Title Asean-India:
Remainder of title Strengthening Partnership and Post-Pandemic Future/
Statement of responsibility, etc Edited by Prabir De, Suthipahand Chirathivat
260 ## - PUBLICATION, DISTRIBUTION, ETC. (IMPRINT)
Place of publication, distribution, etc New Delhi
Name of publisher, distributor, etc KW Publishers Pvt. Ltd
Date of publication, distribution, etc 2022
270 ## - ADDRESS
Address 4676/21, First Floor, Ansari Road, Daryaganj
City New Delhi
Postal code 110002
300 ## - PHYSICAL DESCRIPTION
Extent xix, 237p.
Dimensions 24cm(hbk)
942 ## - ADDED ENTRY ELEMENTS (KOHA)
Source of classification or shelving scheme Dewey Decimal Classification
Item type English Books
Classification part 327.54
Call number suffix ASE
Holdings
Withdrawn status Lost status Not for loan Collection code Home library Current library Date acquired Source of acquisition Cost, normal purchase price Full call number Barcode Copy number Cost, replacement price Koha item type
      Non-fiction Ashok Vihar Ashok Vihar 07/02/2022 DBAD/PUB 1080.00 327.54 ASE EN-114972 1 1080.00 English Books

© Delhi Public Library
Hit Counter
free hit counter